01038nam a22001697a 4500008004100000020001800041020001500059050001900074100002400093245004300117250001100160260003500171300006300206500005100269505052400320650002400844110818t xxu||||| |||| 00| 0 eng d a9780071285438 a0071285431 aHM1033.F85(5e) a Franzoi, Stephen L aSocial psychology /cStephen L Franzoi a5th ed aBoston:b McGraw-Hill,c 2009. axxii, 506 p. + various pagingsb ill. (some col.) c29 cm  aIncludes bibliographical references and index. aContents: Social psychology as a discipline -- Part 1. Perceiving people and events: The Self, Self presentation and social perception, Social cognition -- Part 2. Evaluating our social world: Attitudes, Persuasion, Prejudice and discrimination -- Part 3. Understanding our place within the group: Social influence, Group behaviour -- Part 4. Interacting with others: Interpersonal interaction, Intimate relationships, Aggression, Prosocial behaviour: helping others,The Personal relevance of social psychology.  aSocial psychology.